Sistemas arquitectónicos contemporáneos
| Main Author: | |
|---|---|
| Format: | Section = Libro |
| Language: | Undetermined Spanish |
| Published: |
Barcelona
Gustavo Gili
2008
|
| Subjects: |
| LEADER | 00681nam a2200241Ia 4500 | ||
|---|---|---|---|
| 008 | 240829s9999 xx 000 0 und d | ||
| 020 | |a 978-84-252-2190-3 | ||
| 040 | |a BIBLIOTECA-RUSB/ 721 M764 | ||
| 041 | |a spa | ||
| 082 | |a 721 M764 | ||
| 100 | 1 | |a Montaner, Josep María | |
| 245 | 1 | 0 | |a Sistemas arquitectónicos contemporáneos |
| 260 | |a Barcelona |b Gustavo Gili |c 2008 | ||
| 300 | |a 223 p. :il. | ||
| 650 | 7 | |a ARQUITECTURA MODERNA | |
| 650 | 7 | |b DISEÑO ARQUITECTONICO-SIGLO XX-XXI | |
| 650 | 7 | |c DISEÑO DE ESTRUCTURAS. | |
| 650 | 7 | |d URBANISMO | |
| 650 | 7 | |e ESPACIO ARQUITECTURA | |
| 650 | 7 | |f ARQUITECTURA DEL PAISAJE | |
| 942 | |c BK |2 ddc | ||
| 991 | |a TEXTO | ||
| 999 | |c 5126 | ||